| 000 | 01054nam a2200253 a 4500 | ||
|---|---|---|---|
| 001 | 2256 | ||
| 003 | CDMR | ||
| 005 | 20131203163637.0 | ||
| 008 | 130130s2002||||||||||||||||||||||||||||d | ||
| 020 | _a8482550608 | ||
| 040 |
_aCDMR _bcat _cCPC LLEIDA |
||
| 245 | 0 | 3 |
_aLa prensa por dentro _b: producción informativa y transmisión de estereotipos de género _cJuana Gallego (directora) ; Elvira Altés ... [et al.] |
| 260 |
_aBarcelona _c2002 _bLos Libros de la Frontera |
||
| 300 |
_a439 p ; _c17 cm |
||
| 490 | 0 |
_aComunicación (Los Libros de la Frontera) _v1 |
|
| 586 | _aPrimer premi als XIII Premis d'Investigació sobre Comunicació de Masses del Consell Audiovisual de Catalunya, 2001 | ||
| 650 | 0 | 4 |
_94436 _aPaper segons el sexe en els mitjans de comunicació de massa |
| 650 | 0 | 4 |
_94233 _aDones en el periodisme |
| 650 | 0 | 4 |
_93769 _aSexisme en els mitjans de comunicació de massa |
| 650 | 0 | 4 |
_94332 _aMitjans de comunicació de massa _xEstudi de casos |
| 700 | 1 |
_9860 _aGallego Ayala, Juana |
|
| 700 | 1 |
_91903 _aAltés, Elvira |
|
| 942 |
_cMON _2ddc |
||
| 999 |
_c2256 _d2256 |
||